| 000 | 00636nam a2200217Ia 4500 | ||
|---|---|---|---|
| 003 | GCL | ||
| 005 | 20240530102100.0 | ||
| 008 | 140319s9999 xx 000 0 ara d | ||
| 040 |
_aGCL / _cGCL |
||
| 082 | 0 | 4 |
_a811.9 _bف ا |
| 100 | 1 | _aفاروق شوشة | |
| 245 | 1 | 0 |
_aاحلى 20 قصيدة حب فى الشعر العربى / _cفاروق شوشة |
| 260 |
_a[S.N] : _bمكتبة مدبولى ، _c1988 |
||
| 300 | _a285 ص | ||
| 650 | 0 | 4 | _aالشعر العربى |
| 650 | 0 | 4 | _aالادب العربى |
| 650 | 0 | 4 | _aالشعر |
| 650 | 0 | 4 | _aالشعر - مجموعات |
| 650 | 0 | 4 | _aالمجموعات |
| 942 |
_2ddc _cBK |
||
| 999 |
_c29678 _d29678 |
||